|
|
|
|
| LEADER |
00000nam a22000007a 4500 |
| 005 |
20210506010647.0 |
| 007 |
cr|||| ||| |
| 008 |
210506s2021 cl |||||s|||| 00||0 spa d |
| 020 |
|
|
|a 978-956-8217-59-4
|
| 035 |
|
|
|a 33315
|
| 040 |
|
|
|a vLex
|
| 090 |
|
|
|c 11623
|d 11623
|
| 100 |
1 |
|
|a Chv̀ez Chv̀ez, Eric Andrš
|
| 245 |
1 |
0 |
|a Juicio Ejecutivo
|h [Recurso electrn̤ico] :
|b Prc̀tica Forense /
|c Eric Andrš Chv̀ez Chv̀ez
|
| 256 |
|
|
|a Servicio en ln̕ea
|
| 300 |
|
|
|a 1 recurso electrn̤ico
|
| 506 |
1 |
|
|a Disponible solo en los productos indicados
|d vLex Global
|d vLex Global (Academic Edition, excluding Law Schools)
|d vLex Global (U.S. Academic Edition, Law Schools)
|d vLex Global (U.S. Academic Edition, excluding Law Schools)
|d vLex Global (Academic Edition, Law Schools)
|
| 650 |
0 |
4 |
|a Derecho Procesal
|z Chile
|
| 740 |
0 |
|
|a vLex Libros (Servicio en ln̕ea)
|
| 856 |
4 |
0 |
|u https://vlex.com/source/juicio-ejecutivo-practica-forense-33315
|z Acceso restringido
|
| 942 |
|
|
|c BOOK
|
| 999 |
0 |
|
|a Procedural law
|